[Event "24. European Club Cup 2008"]
[Site "Kallithea GRE"]
[Date "2008.10.22"]
[Round "6.23"]
[White "Middelburg, Tom"]
[Black "Urkedal, Frode"]
[Result "1/2-1/2"]
[WhiteElo "2388"]
[BlackElo "2316"]
[PlyCount "259"]
[EventDate "2008.10.17"]
[EventType "team-swiss"]
[EventRounds "7"]
[EventCountry "GRE"]
[Source "lmi"]
[SourceDate "2008.10.17"]
[WhiteTeam "LSG"]
[BlackTeam "av 1911"]

1. e4 c5 2. Nf3 d6 3. d4 cxd4 4. Nxd4 Nf6 5. Nc3 a6 6. Be3 e6 7. f4 b5 8. f5 e5
9. Nf3 Bb7 10. a4 b4 11. Nd5 Bxd5 12. exd5 Qc8 13. Qd2 Qxf5 14. Qxb4 Nbd7 15.
Bd3 e4 16. Nd4 Qxd5 17. Bc4 Qc5 18. Qxc5 dxc5 19. Nb3 Ne5 20. Be2 Nd5 21. Bxc5
Bxc5 22. Nxc5 Rc8 23. Nxe4 Rxc2 24. Nd6+ Kd7 25. Nf5 Nf4 26. Nd4 Ned3+ 27. Kf1
Rxb2 28. Rd1 Rhb8 29. g3 Nxe2 30. Nxe2 R8b3 31. Nf4 Rf2+ 32. Kg1 Rf3 33. Kg2
Re3 34. Rhf1 Ke8 35. Nxd3 Rbxd3 36. Rxd3 Rxd3 37. Rb1 Rd4 38. a5 Rd5 39. Rb8+
Ke7 40. Rb7+ Rd7 41. Rb6 Rd6 42. Rb7+ Ke6 43. Kf3 h5 44. h4 g6 45. Kf4 Rd4+ 46.
Ke3 Rd5 47. Rb6+ Rd6 48. Rb7 f6 49. Ke4 f5+ 50. Kf4 Rd4+ 51. Ke3 Rd5 52. Rb6+
Rd6 53. Rb7 Ke5 54. Ra7 Kd5 55. Kf4 Kc5 56. Kg5 Kb5 57. Rg7 Kxa5 58. Rxg6 Rxg6+
59. Kxg6 Kb4 60. Kxf5 a5 61. g4 hxg4 62. h5 g3 63. h6 g2 64. h7 g1=Q 65. h8=Q
Qc5+ 66. Kg6 Qd6+ 67. Kg5 Qd5+ 68. Kg6 Qe4+ 69. Kg5 a4 70. Qb8+ Kc3 71. Qc7+
Qc4 72. Qa5+ Kc2 73. Kg6 Qd3+ 74. Kf7 a3 75. Qc5+ Kb2 76. Qf2+ Qc2 77. Qd4+ Kb1
78. Ke8 Qe2+ 79. Kf8 a2 80. Qb4+ Kc2 81. Qa4+ Kc1 82. Qa3+ Kd1 83. Qb3+ Ke1 84.
Qc3+ Qd2 85. Qe5+ Kf1 86. Qa1+ Kg2 87. Qg7+ Kf3 88. Qb7+ Kf2 89. Qb6+ Ke2 90.
Qb5+ Kf2 91. Qc5+ Kf1 92. Qc4+ Ke1 93. Qe4+ Qe2 94. Qb4+ Kf1 95. Qc3 Kg1 96.
Kg8 Kh1 97. Qa1+ Kh2 98. Qh8+ Kg3 99. Qc3+ Qf3 100. Qe5+ Kg2 101. Qb2+ Qf2 102.
Qa1 Qg3+ 103. Kf8 Qf3+ 104. Ke8 Qe4+ 105. Kd8 Qb1 106. Qg7+ Kf2 107. Qd4+ Ke2
108. Qg4+ Kd2 109. Qf4+ Kc3 110. Qe5+ Kc4 111. Qe6+ Kb5 112. Qd5+ Kb6 113. Qd4+
Kb7 114. Qd5+ Ka7 115. Qa5+ Kb7 116. Qd5+ Kb6 117. Qd4+ Ka6 118. Qa4+ Kb6 119.
Qd4+ Kc6 120. Qc4+ Kd6 121. Qd4+ Ke6 122. Qc4+ Kf6 123. Qd4+ Kg6 124. Qg4+ Kf7
125. Qd7+ Kg8 126. Qe6+ Kg7 127. Qd7+ Kh6 128. Qh3+ Kg7 129. Qd7+ Kh6 130. Qh3+
1/2-1/2

[Event "24. European Club Cup 2008"]
[Site "Kallithea GRE"]
[Date "2008.10.22"]
[Round "6.23"]
[White "Sousa, Helsio Paulo"]
[Black "Bosman, Michiel"]
[Result "1/2-1/2"]
[WhiteElo "2229"]
[BlackElo "2346"]
[PlyCount "21"]
[EventDate "2008.10.17"]
[EventType "team-swiss"]
[EventRounds "7"]
[EventCountry "GRE"]
[Source "lmi"]
[SourceDate "2008.10.17"]
[WhiteTeam "av 1911"]
[BlackTeam "LSG"]

1. e4 e5 2. Nf3 Nc6 3. d4 exd4 4. Nxd4 Nf6 5. Nxc6 bxc6 6. e5 Ne4 7. Qf3 Ng5 8.
Qg3 Ne4 9. Qf3 Ng5 10. Qg3 Ne4 11. Qf3 1/2-1/2

[Event "24. European Club Cup 2008"]
[Site "Kallithea GRE"]
[Date "2008.10.22"]
[Round "6.24"]
[White "Okkes, Menno"]
[Black "Ocantos, Manuel"]
[Result "1/2-1/2"]
[WhiteElo "2359"]
[BlackElo "2136"]
[PlyCount "97"]
[EventDate "2008.10.17"]
[EventType "team-swiss"]
[EventRounds "7"]
[EventCountry "GRE"]
[Source "lmi"]
[SourceDate "2008.10.17"]
[WhiteTeam "Utrecht"]
[BlackTeam "Bonnevoie"]

1. e4 e6 2. d4 d5 3. Nc3 Nf6 4. Bg5 Be7 5. e5 Nfd7 6. Bxe7 Qxe7 7. f4 a6 8. Nf3
c5 9. dxc5 Qxc5 10. Qd4 Qe7 11. Qd2 Nc6 12. Bd3 b5 13. O-O O-O 14. Rae1 f6 15.
exf6 Nxf6 16. Kh1 Qc5 17. Ne2 Kh8 18. c3 Bd7 19. Ned4 Rae8 20. a3 Qd6 21. Bb1
Na5 22. Ne5 Nc4 23. Qe2 Bc8 24. Rf3 Kg8 25. Rh3 g6 26. Rg3 Re7 27. h4 Ne4 28.
Bxe4 dxe4 29. Qxe4 Bb7 30. Qc2 Rxf4 31. Nxg6 Rxh4+ 32. Nxh4+ Qxg3 33. Nhf3 Qf4
34. Qf2 e5 35. Ne2 Qh6+ 36. Kg1 Rg7 37. Ng3 Qg6 38. Rd1 h6 39. Nh4 Qg5 40. Nhf5
Rf7 41. b3 Ne3 42. Qxe3 Rxf5 43. Qxg5+ Rxg5 44. Kf2 Rg7 45. Rd6 Rf7+ 46. Kg1
Rg7 47. Kf2 Rf7+ 48. Kg1 Rg7 49. Kf2 1/2-1/2

[Event "24. European Club Cup 2008"]
[Site "Kallithea GRE"]
[Date "2008.10.22"]
[Round "6.25"]
[White "Salihu, Sami"]
[Black "Mehmeti, Dritan"]
[Result "0-1"]
[WhiteElo "2216"]
[BlackElo "2403"]
[PlyCount "60"]
[EventDate "2008.10.17"]
[EventType "team-swiss"]
[EventRounds "7"]
[EventCountry "GRE"]
[Source "lmi"]
[SourceDate "2008.10.17"]
[WhiteTeam "Istog"]
[BlackTeam "Butrinti"]

1. e4 c5 2. Nf3 d6 3. d4 cxd4 4. Nxd4 Nf6 5. Nc3 e6 6. Be2 e5 7. Nb3 Be7 8. g4
h6 9. g5 hxg5 10. Bxg5 Be6 11. Qd2 Nbd7 12. O-O-O Rc8 13. f4 Qc7 14. f5 Bc4 15.
h4 b5 16. a3 Bxb3 17. Bxf6 Nxf6 18. cxb3 Nxe4 19. Qe3 Nxc3 20. bxc3 Qxc3+ 21.
Qxc3 Rxc3+ 22. Kb2 Re3 23. Bg4 e4 24. h5 Bf6+ 25. Ka2 Kd7 26. Rd2 Rc8 27. h6
gxh6 28. Rxh6 Ke7 29. Rh1 Rcc3 30. Rb1 Red3 0-1

[Event "24. European Club Cup 2008"]
[Site "Kallithea GRE"]
[Date "2008.10.22"]
[Round "6.26"]
[White "De Jong, Jan-Willem"]
[Black "Lagerman, Robert"]
[Result "1/2-1/2"]
[WhiteElo "2479"]
[BlackElo "2363"]
[PlyCount "63"]
[EventDate "2008.10.17"]
[EventType "team-swiss"]
[EventRounds "7"]
[EventCountry "GRE"]
[Source "lmi"]
[SourceDate "2008.10.17"]
[WhiteTeam "Calder"]
[BlackTeam "Hellir"]

1. d4 Nf6 2. c4 c5 3. d5 b5 4. Qc2 d6 5. e4 g6 6. cxb5 a6 7. Nf3 Bg7 8. Nc3 O-O
9. a4 e6 10. dxe6 Bxe6 11. Be2 axb5 12. Bxb5 Na6 13. O-O Nb4 14. Qe2 d5 15.
exd5 Nfxd5 16. Bg5 Qb6 17. Nxd5 Nxd5 18. Rac1 Rfc8 19. Nd2 Nc7 20. Nc4 Bxc4 21.
Bxc4 Rxa4 22. b3 Raa8 23. Qf3 Ne6 24. Bf6 Bxf6 25. Qxf6 Qd8 26. Qxd8+ Nxd8 27.
Rfd1 Ra7 28. Rd6 Nc6 29. h4 Kg7 30. Re1 Nd4 31. Rb6 h5 32. Rc1 1/2-1/2

[Event "24. European Club Cup 2008"]
[Site "Kallithea GRE"]
[Date "2008.10.22"]
[Round "6.26"]
[White "Johannesson, Ingvar Thor"]
[Black "Abeln, Michiel"]
[Result "1/2-1/2"]
[WhiteElo "2355"]
[BlackElo "2329"]
[PlyCount "29"]
[EventDate "2008.10.17"]
[EventType "team-swiss"]
[EventRounds "7"]
[EventCountry "GRE"]
[Source "lmi"]
[SourceDate "2008.10.17"]
[WhiteTeam "Hellir"]
[BlackTeam "Calder"]

1. Nf3 d6 2. g3 e5 3. c4 g6 4. Bg2 Bg7 5. O-O Nf6 6. Nc3 O-O 7. d3 c6 8. Rb1 a5
9. a3 Re8 10. Nd2 Be6 11. b4 axb4 12. axb4 h6 13. b5 d5 14. Qb3 Nbd7 15. bxc6
1/2-1/2

[Event "24. European Club Cup 2008"]
[Site "Kallithea GRE"]
[Date "2008.10.22"]
[Round "6.26"]
[White "Gretarsson, Hjorvar Steinn"]
[Black "Muhren, Bianca"]
[Result "0-1"]
[WhiteElo "2284"]
[BlackElo "2278"]
[PlyCount "142"]
[EventDate "2008.10.17"]
[EventType "team-swiss"]
[EventRounds "7"]
[EventCountry "GRE"]
[Source "lmi"]
[SourceDate "2008.10.17"]
[WhiteTeam "Hellir"]
[BlackTeam "Calder"]

1. c4 e5 2. Nc3 Nf6 3. Nf3 Nc6 4. g3 Bc5 5. d3 d6 6. Bg2 O-O 7. O-O h6 8. b3
Be6 9. Bb2 a6 10. e3 Ba7 11. d4 Bg4 12. d5 Ne7 13. h3 Bd7 14. e4 Nh7 15. Qe2 f5
16. exf5 Nxf5 17. Ne4 Nf6 18. Kh2 Qe8 19. Rae1 Qf7 20. g4 Ne7 21. Nxf6+ Qxf6
22. Nxe5 dxe5 23. Bxe5 Qb6 24. Bg3 Rae8 25. Qc2 Qg6 26. Be4 Qf6 27. b4 c5 28.
Bh7+ Kh8 29. Be5 Bb8 30. f4 Bxe5 31. fxe5 Qg5 32. e6 Ba4 33. Qxa4 Qd2+ 34. Kh1
Kxh7 35. Qd1 Qc3 36. d6 Qxh3+ 37. Kg1 Qg3+ 38. Kh1 Qh3+ 39. Kg1 Rxf1+ 40. Rxf1
Qe3+ 41. Kh1 Qxe6 42. Re1 Qd7 43. Qd3+ Kh8 44. Rxe7 Rxe7 45. dxe7 Qxd3 46.
e8=Q+ Kh7 47. Qe6 cxb4 48. c5 a5 49. Kh2 a4 50. g5 hxg5 51. Qe8 Qf3 52. Qxa4
Qf2+ 53. Kh1 Qxc5 54. Qd1 Kh6 55. Qb3 Qc1+ 56. Kg2 Qd2+ 57. Kh1 Qe1+ 58. Kg2
Qe4+ 59. Kg1 g4 60. a3 Qe1+ 61. Kg2 Qd2+ 62. Kg1 Qc1+ 63. Kh2 bxa3 64. Qe6+ g6
65. Qe8 Qf4+ 66. Kh1 g3 67. Qh8+ Kg5 68. Qd8+ Kg4 69. Qd7+ Qf5 70. Qd4+ Qf4 71.
Qd7+ Kh5 0-1

[Event "24. European Club Cup 2008"]
[Site "Kallithea GRE"]
[Date "2008.10.22"]
[Round "6.26"]
[White "Muhren, Willem"]
[Black "Salama, Omar"]
[Result "1/2-1/2"]
[WhiteElo "2222"]
[BlackElo "2258"]
[PlyCount "88"]
[EventDate "2008.10.17"]
[EventType "team-swiss"]
[EventRounds "7"]
[EventCountry "GRE"]
[Source "lmi"]
[SourceDate "2008.10.17"]
[WhiteTeam "Calder"]
[BlackTeam "Hellir"]

1. e4 c5 2. d3 Nc6 3. g3 d6 4. Bg2 Nf6 5. f4 e6 6. Nf3 Be7 7. O-O O-O 8. h3 e5
9. Nc3 exf4 10. gxf4 d5 11. Kh2 dxe4 12. dxe4 Be6 13. Qe2 Nd4 14. Qf2 Qb6 15.
b3 Rad8 16. Ng5 Qc7 17. Be3 Bc8 18. Rac1 h6 19. Nf3 Nxf3+ 20. Bxf3 Be6 21. Rg1
Kh8 22. Kh1 Qa5 23. Ne2 c4 24. Nd4 Bc5 25. c3 cxb3 26. axb3 Qc7 27. b4 Be7 28.
Rg2 Bd7 29. Rcg1 Rg8 30. Bd2 Bc6 31. e5 Ne4 32. Qe2 Nxd2 33. Bxc6 bxc6 34. Qxd2
c5 35. bxc5 Bxc5 36. Qf2 Bxd4 37. cxd4 Qc3 38. Qh4 Qf3 39. Kh2 Kh7 40. Rxg7+
Rxg7 41. Rxg7+ Kxg7 42. Qf6+ Kg8 43. Qxd8+ Kh7 44. Qf6 Qf2+ 1/2-1/2

[Event "24. European Club Cup 2008"]
[Site "Kallithea GRE"]
[Date "2008.10.22"]
[Round "6.26"]
[White "Edvardsson, Kristjan"]
[Black "Huizer, Mark"]
[Result "1-0"]
[WhiteElo "2245"]
[BlackElo "2195"]
[PlyCount "107"]
[EventDate "2008.10.17"]
[EventType "team-swiss"]
[EventRounds "7"]
[EventCountry "GRE"]
[Source "lmi"]
[SourceDate "2008.10.17"]
[WhiteTeam "Hellir"]
[BlackTeam "Calder"]

1. d4 Nf6 2. c4 e6 3. Nc3 c5 4. d5 exd5 5. cxd5 d6 6. Nf3 g6 7. Bf4 a6 8. a4
Bg7 9. e4 O-O 10. Be2 Re8 11. Nd2 Qc7 12. O-O Nbd7 13. h3 Ne5 14. Qc2 h6 15.
Bg3 g5 16. f4 gxf4 17. Bxf4 Nfd7 18. h4 Rb8 19. Nf3 Nxf3+ 20. Rxf3 Ne5 21. Rg3
Ng6 22. Qd2 Qe7 23. h5 Nxf4 24. Qxf4 Qe5 25. Qf3 Rf8 26. Rf1 Bd7 27. Bd3 b5 28.
axb5 axb5 29. Nd1 c4 30. Bb1 Kh8 31. Kh1 Ra8 32. Kh2 Ra1 33. Bc2 Rc1 34. Rf2
Qd4 35. Qf4 Rxd1 36. Rxg7 Kxg7 37. Bxd1 Qe5 38. Kg3 f5 39. exf5 Rxf5 40. Qxe5+
Rxe5 41. Bf3 Bf5 42. Rf1 Bd3 43. Ra1 Rg5+ 44. Kf4 Rf5+ 45. Ke3 Bc2 46. Ra6 Rf6
47. Rb6 Ba4 48. g4 Kf8 49. Be4 Rf1 50. g5 hxg5 51. h6 Re1+ 52. Kd4 g4 53. Rb8+
Kf7 54. Rb7+ 1-0

[Event "24. European Club Cup 2008"]
[Site "Kallithea GRE"]
[Date "2008.10.22"]
[Round "6.27"]
[White "Ribbegren, Karl Johan"]
[Black "Mitkov, Marjan"]
[Result "0-1"]
[WhiteElo "2067"]
[BlackElo "2372"]
[PlyCount "60"]
[EventDate "2008.10.17"]
[EventType "team-swiss"]
[EventRounds "7"]
[EventCountry "GRE"]
[Source "lmi"]
[SourceDate "2008.10.17"]
[WhiteTeam "Monaco"]
[BlackTeam "Skopje"]
[WhiteTeamCountry "MNC"]

1. g3 e5 2. Bg2 Nc6 3. c3 d5 4. d4 e4 5. f3 Nf6 6. Bg5 exf3 7. Nxf3 Be7 8. Bxf6
Bxf6 9. O-O O-O 10. Na3 Re8 11. Qd2 Bg4 12. Rae1 Qd7 13. e4 Rxe4 14. Rxe4 dxe4
15. Ng5 Nxd4 16. Nxe4 Ne2+ 17. Kh1 Qxd2 18. Nxd2 Rd8 19. Ne4 Be7 20. Nc4 Be6
21. Ne3 g6 22. Re1 f5 23. Rxe2 fxe4 24. Bxe4 c6 25. a3 Bc5 26. Bf3 Rd3 27. Ng4
Rd1+ 28. Kg2 Rg1+ 29. Kh3 Kf7 30. b4 Bb6 0-1

[Event "24. European Club Cup 2008"]
[Site "Kallithea GRE"]
[Date "2008.10.22"]
[Round "6.27"]
[White "Andonovski, Ljubisa"]
[Black "Sabo-Benke, Daniel"]
[Result "0-1"]
[WhiteElo "2292"]
[BlackElo "1947"]
[PlyCount "136"]
[EventDate "2008.10.17"]
[EventType "team-swiss"]
[EventRounds "7"]
[EventCountry "GRE"]
[Source "lmi"]
[SourceDate "2008.10.17"]
[WhiteTeam "Skopje"]
[BlackTeam "Monaco"]
[BlackTeamCountry "MNC"]

1. d4 Nf6 2. c4 g6 3. Nc3 d5 4. Nf3 Bg7 5. cxd5 Nxd5 6. Bd2 O-O 7. Rc1 Nc6 8.
e4 Nb6 9. d5 Ne5 10. Nxe5 Bxe5 11. Bh6 Bg7 12. Bxg7 Kxg7 13. a4 Qd6 14. Be2 Qb4
15. O-O Bd7 16. b3 c6 17. Re1 Rac8 18. a5 Qxa5 19. Qd4+ Kg8 20. Ra1 c5 21. Qe5
Qb4 22. Na4 Nxa4 23. bxa4 c4 24. Reb1 Qc5 25. Rxb7 f6 26. Qc3 Rc7 27. Rxc7 Qxc7
28. Qxc4 Qd6 29. Qd4 a5 30. Bb5 Rb8 31. Rb1 Kf8 32. h4 Be8 33. g3 Qc7 34. Kg2
Qc2 35. Rb2 Qc7 36. Rb3 Rc8 37. Qe3 Kg7 38. Bxe8 Rxe8 39. Rb5 Rb8 40. Rc5 Qd7
41. Rc6 Rb1 42. Qf4 Rb7 43. g4 Kg8 44. g5 f5 45. h5 fxe4 46. hxg6 Qxd5 47.
gxh7+ Kxh7 48. Qh4+ Kg8 49. Rc8+ Kf7 50. Qh7+ Ke6 51. Qg8+ Ke5 52. Qxd5+ Kxd5
53. Kg3 Rb3+ 54. Kg4 Rf3 55. Ra8 Rxf2 56. Rxa5+ Ke6 57. Rb5 e3 58. Rb3 e2 59.
Re3+ Kf7 60. a5 Rg2+ 61. Kf4 Rf2+ 62. Ke4 Rg2 63. Kf4 Rf2+ 64. Kg4 Rg2+ 65. Kh4
Kg6 66. Re6+ Kf5 67. Rxe7 Rg4+ 68. Kh3 Re4 0-1

[Event "24. European Club Cup 2008"]
[Site "Kallithea GRE"]
[Date "2008.10.22"]
[Round "6.27"]
[White "Botto, Julien"]
[Black "Ilic, Ljubomir"]
[Result "1/2-1/2"]
[WhiteElo "1907"]
[BlackElo "2297"]
[PlyCount "112"]
[EventDate "2008.10.17"]
[EventType "team-swiss"]
[EventRounds "7"]
[EventCountry "GRE"]
[Source "lmi"]
[SourceDate "2008.10.17"]
[WhiteTeam "Monaco"]
[BlackTeam "Skopje"]
[WhiteTeamCountry "MNC"]

1. e4 c5 2. Nf3 e6 3. d4 cxd4 4. Nxd4 a6 5. Be3 Nc6 6. Nc3 Qc7 7. Qd2 Nf6 8. f3
Bb4 9. O-O-O Ne5 10. Nb3 Bxc3 11. Qxc3 Qxc3 12. bxc3 b5 13. Bc5 d5 14. Bd6 Nc4
15. Bxc4 bxc4 16. Na5 Bd7 17. exd5 Nxd5 18. Nxc4 Rc8 19. Ne5 Nxc3 20. Rd2 Bb5
21. Kb2 f6 22. Nd3 Na4+ 23. Kc1 Kf7 24. Nf2 Nb6 25. Ne4 Nc4 26. Bb4 Nxd2 27.
Nd6+ Kg6 28. Nxc8 Rxc8 29. Kxd2 h5 30. Re1 e5 31. Re4 Kf5 32. c3 g5 33. Ke1 g4
34. Kf2 Rd8 35. c4 Bc6 36. Re3 Rd4 37. a3 gxf3 38. gxf3 Rf4 39. Kg2 e4 40.
fxe4+ Bxe4+ 41. Kg1 h4 42. h3 Bc6 43. c5 Rd4 44. Kf2 Be4 45. Rb3 Bd5 46. Re3
Bc6 47. Rb3 Rf4+ 48. Ke2 Bb5+ 49. Kd2 Rf2+ 50. Ke3 Rg2 51. Rc3 Bc6 52. Ba5 Rg3+
53. Kf2 Rg2+ 54. Ke3 Rg3+ 55. Kf2 Rg2+ 56. Ke3 Rg3+ 1/2-1/2

[Event "24. European Club Cup 2008"]
[Site "Kallithea GRE"]
[Date "2008.10.22"]
[Round "6.27"]
[White "Simjanovski, Saso"]
[Black "Levacic, Adrien"]
[Result "1-0"]
[WhiteElo "2223"]
[BlackElo "1891"]
[PlyCount "57"]
[EventDate "2008.10.17"]
[EventType "team-swiss"]
[EventRounds "7"]
[EventCountry "GRE"]
[Source "lmi"]
[SourceDate "2008.10.17"]
[WhiteTeam "Skopje"]
[BlackTeam "Monaco"]
[BlackTeamCountry "MNC"]

1. Nf3 Nf6 2. g3 d5 3. Bg2 Bf5 4. c4 e6 5. Qb3 Na6 6. d3 Nc5 7. Qc2 h6 8. O-O
a5 9. cxd5 exd5 10. Nc3 c6 11. e4 Bh7 12. Be3 dxe4 13. Bxc5 Bxc5 14. Nxe4 Nxe4
15. dxe4 Bb6 16. Rad1 Qe7 17. Qb3 Bc5 18. Bh3 O-O 19. Rd7 Qxe4 20. Rxb7 Qd3 21.
Qxd3 Bxd3 22. Rc1 Be4 23. Nd2 Bxf2+ 24. Kxf2 Bd5 25. Bg2 Rfb8 26. Rxb8+ Rxb8
27. b3 Rb4 28. Bxd5 cxd5 29. Rc5 1-0

[Event "24. European Club Cup 2008"]
[Site "Kallithea GRE"]
[Date "2008.10.22"]
[Round "6.28"]
[White "Pilgaard, Kim"]
[Black "Perrett, David C"]
[Result "1-0"]
[WhiteElo "2438"]
[BlackElo "1953"]
[PlyCount "126"]
[EventDate "2008.10.17"]
[EventType "team-swiss"]
[EventRounds "7"]
[EventCountry "GRE"]
[Source "lmi"]
[SourceDate "2008.10.17"]
[WhiteTeam "Bronshoj"]
[BlackTeam "Cwmbran"]

1. e4 Nf6 2. e5 Nd5 3. d4 d6 4. Nf3 g6 5. Bc4 Nb6 6. Bb3 Bg7 7. O-O O-O 8. h3
Nc6 9. Qe2 h6 10. a4 a5 11. Rd1 d5 12. Be3 f5 13. exf6 exf6 14. Nc3 Kh7 15. Nb5
Re8 16. c3 g5 17. Qc2+ Kh8 18. Qd3 Ne7 19. g4 Nd7 20. c4 Nf8 21. cxd5 Nxd5 22.
Bxd5 Qxd5 23. Nxc7 Qxf3 24. Nxe8 Bxg4 25. hxg4 Qxg4+ 26. Kf1 Rxe8 27. Bd2 Qh4
28. Kg1 Re4 29. Rac1 Rxd4 30. Qf5 g4 31. Bxa5 Rxd1+ 32. Rxd1 g3 33. fxg3 Qxg3+
34. Kf1 Qb3 35. Rd2 Qc4+ 36. Kg1 Qxa4 37. Bc3 Qc6 38. Rg2 Nh7 39. Rd2 Qc7 40.
Rd7 Qb6+ 41. Bd4 Qc6 42. Rd8+ Nf8 43. Bc5 Kg8 44. Rc8 Qa6 45. Qd5+ Kh7 46. Qe4+
Ng6 47. b4 Qa1+ 48. Kf2 Qb2+ 49. Kf3 Qb3+ 50. Be3 f5 51. Qxf5 Qxb4 52. Rc7 Qd6
53. Rxb7 Qc6+ 54. Qe4 Qxe4+ 55. Kxe4 Kg8 56. Kf5 Nf8 57. Ra7 Kh8 58. Bd2 Kg8
59. Bb4 Kh8 60. Kg4 Kg8 61. Kh5 Ne6 62. Bd2 Bd4 63. Re7 Ng7+ 1-0

[Event "24. European Club Cup 2008"]
[Site "Kallithea GRE"]
[Date "2008.10.22"]
[Round "6.28"]
[White "Petersen, Steen"]
[Black "Gilbert, Jonathan A"]
[Result "1-0"]
[WhiteElo "2164"]
[BlackElo "2069"]
[PlyCount "103"]
[EventDate "2008.10.17"]
[EventType "team-swiss"]
[EventRounds "7"]
[EventCountry "GRE"]
[Source "lmi"]
[SourceDate "2008.10.17"]
[WhiteTeam "Bronshoj"]
[BlackTeam "Cwmbran"]

1. e4 c6 2. d4 d5 3. Nc3 dxe4 4. Nxe4 Nd7 5. Ng5 Ngf6 6. Bd3 e6 7. Qe2 Bd6 8.
N1f3 h6 9. Ne4 Nxe4 10. Qxe4 Nf6 11. Qe2 c5 12. dxc5 Bxc5 13. Bd2 Qc7 14. O-O
O-O 15. b4 Be7 16. c4 b6 17. Rfe1 Bb7 18. Ne5 Bd6 19. Bc3 Rae8 20. Rac1 Qe7 21.
a3 Rd8 22. Bb1 Rfe8 23. Qc2 Bxe5 24. Bxe5 g6 25. Bb2 Nd7 26. Re3 e5 27. Rce1
Qg5 28. Rg3 Qf6 29. Qc3 h5 30. Qe3 Qf4 31. Qe2 e4 32. Qxh5 Ne5 33. Qg5 Qxg5 34.
Rxg5 Nxc4 35. Bc1 Nd6 36. h4 Nf5 37. h5 Kh7 38. hxg6+ fxg6 39. Rg4 Re6 40. Bb2
Rd2 41. Bc3 Rd7 42. Bxe4 Bxe4 43. Rgxe4 Rxe4 44. Rxe4 Rd1+ 45. Kh2 Rd3 46. Rc4
Rd7 47. g4 Ne7 48. Kg3 Rd3+ 49. Kh4 Nd5 50. Be5 Rxa3 51. Rd4 Nc3 52. Rd8 1-0

[Event "24. European Club Cup 2008"]
[Site "Kallithea GRE"]
[Date "2008.10.22"]
[Round "6.28"]
[White "Gilbert, Colin"]
[Black "Yssing, Klaus"]
[Result "0-1"]
[WhiteElo "1865"]
[BlackElo "2125"]
[PlyCount "102"]
[EventDate "2008.10.17"]
[EventType "team-swiss"]
[EventRounds "7"]
[EventCountry "GRE"]
[Source "lmi"]
[SourceDate "2008.10.17"]
[WhiteTeam "Cwmbran"]
[BlackTeam "Bronshoj"]

1. d4 Nf6 2. Nf3 d5 3. c4 e6 4. Bg5 Nbd7 5. cxd5 exd5 6. Nc3 c6 7. e3 Be7 8.
Qc2 O-O 9. Bd3 Re8 10. O-O Nf8 11. Rae1 Bg4 12. Ne5 Bh5 13. h3 N6d7 14. Bxe7
Rxe7 15. Nxd7 Qxd7 16. Ne2 Bg6 17. Nf4 Qd6 18. Nxg6 hxg6 19. Qc5 Qxc5 20. dxc5
Rae8 21. Rc1 Ne6 22. b4 d4 23. Rc4 dxe3 24. fxe3 Rd8 25. Bc2 Rd2 26. Rf2 Red7
27. Bb3 Kf8 28. Rg4 Rxf2 29. Kxf2 Nc7 30. Rd4 Rxd4 31. exd4 Na6 32. a3 Nc7 33.
Ke3 g5 34. Ke4 g6 35. Ke5 Ke7 36. Bc4 f6+ 37. Ke4 b5 38. cxb6 axb6 39. a4 b5
40. axb5 cxb5 41. Bd3 Kd6 42. g4 Kc6 43. d5+ Kd6 44. Kd4 Nxd5 45. Bxb5 Nxb4 46.
Be8 Nc6+ 47. Ke4 Ne7 48. Bb5 Nd5 49. Bf1 Nb6 50. Bb5 Nd7 51. Ba4 Nc5+ 0-1

[Event "24. European Club Cup 2008"]
[Site "Kallithea GRE"]
[Date "2008.10.22"]
[Round "6.28"]
[White "Andersen, Rune Egede"]
[Black "Tew, Paul"]
[Result "1/2-1/2"]
[WhiteElo "2049"]
[BlackElo "2074"]
[PlyCount "79"]
[EventDate "2008.10.17"]
[EventType "team-swiss"]
[EventRounds "7"]
[EventCountry "GRE"]
[Source "lmi"]
[SourceDate "2008.10.17"]
[WhiteTeam "Bronshoj"]
[BlackTeam "Cwmbran"]

1. e4 e5 2. Nf3 Nc6 3. Bb5 a6 4. Ba4 Nf6 5. Qe2 Be7 6. c3 O-O 7. O-O b5 8. Bc2
d6 9. Rd1 Bd7 10. d4 Re8 11. h3 Qc8 12. Be3 Bf8 13. Nbd2 g6 14. a4 Bg7 15. axb5
axb5 16. d5 Rxa1 17. Rxa1 Ne7 18. Bg5 Nh5 19. Bd3 Nf4 20. Bxf4 exf4 21. Qf1 Qb7
22. Nb3 b4 23. Nbd4 bxc3 24. bxc3 Qb2 25. Rc1 Ra8 26. Rc2 Qa1 27. Rc1 Qb2 28.
Rc2 Qa1 29. Bb5 Qxf1+ 30. Kxf1 Bxb5+ 31. Nxb5 Rc8 32. c4 f5 33. Ng5 fxe4 34.
Nxe4 Nf5 35. Ng5 c6 36. dxc6 Rxc6 37. Ne4 d5 38. Nd2 dxc4 39. Nxc4 Rc5 40. Nca3
1/2-1/2

[Event "24. European Club Cup 2008"]
[Site "Kallithea GRE"]
[Date "2008.10.22"]
[Round "6.29"]
[White "Zarzo Lopez, Tomas"]
[Black "Mcphillips, Karl"]
[Result "1-0"]
[WhiteElo "2281"]
[BlackElo "2222"]
[PlyCount "107"]
[EventDate "2008.10.17"]
[EventType "team-swiss"]
[EventRounds "7"]
[EventCountry "GRE"]
[Source "lmi"]
[SourceDate "2008.10.17"]
[WhiteTeam "Merida"]
[BlackTeam "Belfast"]

1. Nf3 Nf6 2. c4 e6 3. Nc3 Bb4 4. g3 O-O 5. Bg2 d5 6. a3 Bd6 7. d4 c6 8. b3
Nbd7 9. O-O Rb8 10. Qd3 Re8 11. Bf4 Bxf4 12. gxf4 Nf8 13. e3 Ng6 14. c5 Ng4 15.
Ne5 Nh6 16. Kh1 Nh4 17. Rg1 f6 18. Nf3 Ng6 19. Qd2 b6 20. cxb6 Rxb6 21. b4 e5
22. dxe5 fxe5 23. fxe5 Nxe5 24. Nxe5 Rxe5 25. Qd4 Qf8 26. Qxe5 Ng4 27. Bxd5+
cxd5 28. Rxg4 Bxg4 29. Qxd5+ Kh8 30. f4 Rg6 31. Rf1 h5 32. Ne4 Be6 33. Qe5 Qd8
34. f5 Qd3 35. Rg1 Rxg1+ 36. Kxg1 Qxe3+ 37. Kg2 Qe2+ 38. Kg3 Qg4+ 39. Kf2 Qxf5+
40. Qxf5 Bxf5 41. Nd6 Bd7 42. h4 Kg8 43. Ke3 Kf8 44. Kf4 Ke7 45. Nf5+ Kf6 46.
Nd4 Bg4 47. b5 Bd7 48. a4 Be8 49. a5 Bf7 50. Nc6 Bd5 51. Nxa7 Ke6 52. Kg5 Kd7
53. Kxh5 Ke7 54. Kg6 1-0

[Event "24. European Club Cup 2008"]
[Site "Kallithea GRE"]
[Date "2008.10.22"]
[Round "6.29"]
[White "Mcdonnell, James J"]
[Black "Garcia-Ortega Mendez, Jose M"]
[Result "0-1"]
[WhiteElo "2041"]
[BlackElo "2223"]
[PlyCount "166"]
[EventDate "2008.10.17"]
[EventType "team-swiss"]
[EventRounds "7"]
[EventCountry "GRE"]
[Source "lmi"]
[SourceDate "2008.10.17"]
[WhiteTeam "Belfast"]
[BlackTeam "Merida"]

1. e4 c5 2. Nf3 Nc6 3. d4 cxd4 4. Nxd4 Qc7 5. Nc3 e6 6. Nxc6 bxc6 7. Bd3 Nf6 8.
O-O e5 9. Qe2 Bc5 10. Na4 Be7 11. c4 O-O 12. Be3 d6 13. b3 Be6 14. Rac1 Rfe8
15. Rfd1 Qb8 16. f3 c5 17. Bb1 h6 18. Nc3 Qb7 19. Rd2 Rad8 20. Rcd1 a6 21. Kh1
Qc7 22. g4 Nh7 23. Kg2 Bg5 24. h3 Nf8 25. Bxg5 hxg5 26. Qe3 f6 27. Nd5 Qb7 28.
Nc3 Qc6 29. Na4 Rd7 30. Nc3 Ng6 31. Ne2 Kf7 32. Rd3 Ke7 33. Qd2 Qb6 34. Bc2
Red8 35. Kg3 Qb4 36. Qc1 a5 37. a4 Qb6 38. Qd2 Bf7 39. Kf2 Qa7 40. Kg3 Nf8 41.
h4 gxh4+ 42. Kxh4 Ne6 43. Kg3 Qc7 44. Rh1 Rg8 45. Qc1 Qd8 46. Rdd1 Qc7 47. Qd2
Rdd8 48. Kg2 Rh8 49. Qc3 Qb6 50. Qd2 Qb4 51. Rxh8 Qxd2 52. Rxd2 Rxh8 53. Rd1
Nd4 54. Nxd4 exd4 55. f4 Ke6 56. Bd3 g5 57. f5+ Ke5 58. Kg3 Be8 59. Bc2 Bc6 60.
Rc1 Rb8 61. Rd1 Rb7 62. Rd2 Rh7 63. Rd1 Rh8 64. Bb1 Rb8 65. Bc2 Bxe4 66. Re1 d5
67. cxd5 d3 68. Bxd3 Rxb3 69. Rxe4+ Kxd5 70. Re6 Rxd3+ 71. Kh2 Rd4 72. Kh3 c4
73. Rxf6 c3 74. Rf8 c2 75. Rd8+ Kc4 76. Rc8+ Kb3 77. f6 Rf4 78. Rb8+ Kxa4 79.
Rc8 Kb3 80. Rb8+ Ka3 81. Rc8 Kb2 82. Rb8+ Kc1 83. Rb6 a4 0-1